000 00603nam a2200217 i 4500
001 C2-0221816
003 PPAK
005 20180728151221.0
008 991118s1973 my |||| ||||| | may d
040 _aPPAK
_beng
_cPPAK
_erda
082 0 4 _a959.5112
_223
090 0 0 _a959.5112
_bKER
_dKWI
245 0 0 _aKeratan akhbar (bygone Kedah)
264 1 _aAlor Setar, Kedah :
_bPerbadanan Perpustakaan Awam Kedah ,
_c1973
300 _a18 pages ;
_c30 cm
336 _2rdacontent
_atext
337 _2rdamedia
_aunmediated
338 _2rdacarrier
_avolume
650 1 0 _aKedah - History.
942 _ddc
_cB
999 _c143317
_d143317